000 00482nam a2200181Ia 4500
008 240925s9999 xx 000 0 und d
020 _aNA
082 _a954.9 NAJ
100 _aNajmi ,Safdar Ali
245 0 _aQuaid-E-Azam ka Taswer Taleem or Pakistan
250 _aNA
260 _aKarachi:
_bUniversal Publishers
_c,2001.
300 _axxix,733p.
_bNA
_fOriginal
500 _aNA
600 _aHumanities & Natural Science
650 _aHistory and Geography
942 _cBK
999 _c6745
_d6745